TEXT BOOK OF OPERATIVE DENTISTRY (Record no. 4803)

MARC details
000 -LEADER
fixed length control field 00396nam a2200145Ia 4500
008 - FIXED-LENGTH DATA ELEMENTS--GENERAL INFORMATION
fixed length control field 150201s2013 xx 000 0 und d
082 ## - DEWEY DECIMAL CLASSIFICATION NUMBER
Classification number 617.6342
Item number O2013G
100 ## - MAIN ENTRY--PERSONAL NAME
Personal name GARG,NISHA
245 ## - TITLE STATEMENT
Title TEXT BOOK OF OPERATIVE DENTISTRY
250 ## - EDITION STATEMENT
Edition statement 2ND
260 ## - PUBLICATION, DISTRIBUTION, ETC. (IMPRINT)
Name of publisher, distributor, etc. JAYPEE MEDICAL PUBLISHER
Place of publication, distribution, etc. NEW DELHI
Date of publication, distribution, etc. 2013
300 ## - PHYSICAL DESCRIPTION
Extent 1-605
650 ## - SUBJECT ADDED ENTRY--TOPICAL TERM
Topical term or geographic name as entry element CONSERVATIVE DENTISTRY & ENDODONTICS
942 ## - ADDED ENTRY ELEMENTS (KOHA)
Source of classification or shelving scheme Dewey Decimal Classification
Koha item type Books
Koha issues (borrowed), all copies 23
Holdings
Withdrawn status Lost status Source of classification or shelving scheme Damaged status Not for loan Home library Current library Date acquired Source of acquisition Cost, normal purchase price Serial Enumeration / chronology SGTU Bill Number Total Checkouts Full call number Barcode Date last seen Date last checked out Bill Date Koha item type
    Dewey Decimal Classification     SGT Dental Library SGT Dental Library 24/01/2013 AHUJA BOOK .CO.NEW DELHI 695.00 1 SGTU 3108 21 617.6342 O2013G FD6841 21/08/2024 10/08/2024 17/08/2013 Books
    Dewey Decimal Classification     SGT Dental Library SGT Dental Library 24/01/2013 AHUJA BOOK .CO.NEW DELHI 695.00 1 SGTU 3108 11 617.6342 O2013G FD6842 25/02/2026 24/02/2026 17/08/2013 Books